| 000 | 01369cam a22003977a 4500 | ||
|---|---|---|---|
| 003 | CHAP | ||
| 005 | 20220329141912.0 | ||
| 008 | 980512d1994 cr a r 00110 spa d | ||
| 010 | _a75503 | ||
| 011 | _a76475 | ||
| 022 | _a0534-5391 | ||
| 035 | _a86060 | ||
| 040 | _cCHAP | ||
| 090 | _aFolleto 15065 (1994) | ||
| 100 | 0 | 0 |
_aPérez E., Laura. _989627 |
| 245 | 1 | 3 |
_aUn método eficaz para el análisis financiero de pequeños y medianos proyectos de inversión _c/por Laura Pérez E. |
| 250 | _a2 ed. | ||
| 260 |
_aSan José, C. R. : _bInstituto Interamericano de Cooperación para la Agricultura, _c1994. |
||
| 300 |
_a86 p. : _bilus. ; gráfs. ; cuadros ; anexo |
||
| 410 | 2 | 1 | _aIICA |
| 490 | 0 | _aSerie publicaciones misceláneas | |
| 590 |
_aBATCH-UPD _b10 _c20130110 _lUCH01 _h0619 |
||
| 590 |
_aBATCH-UPD _b10 _c20130110 _lUCH01 _h2317 |
||
| 590 |
_aBATCH-UPD _b10 _c20130410 _lUCH01 _h0301 |
||
| 590 |
_aBATCH-UPD _b10 _c20130913 _lUCH01 _h2059 |
||
| 590 |
_aCONVERSION _b10 _c20130109 _lUCH01 _h1341 |
||
| 650 | 1 | 4 |
_aAgricultura _xFinanzas. _91486 |
| 650 | 1 | 4 |
_aFinanzas. _940930 |
| 730 | 0 |
_aFlujo de caja. _941892 |
|
| 810 | 0 | 0 |
_aIICA _957371 |
| 830 | 0 |
_aSerie publicaciones misceláneas _9105016 |
|
| 901 | _aBK | ||
| 905 | _aLilia Sánchez G. | ||
| 942 | _cTESIS | ||
| 949 |
_aFolleto 15065 (1994) _bBC _cTES _d33724000595187 _eTS1 _gI. c/e _i86060 _sb _t$48.00 |
||
| 999 |
_c75503 _d75503 |
||